01011nam a2200229Ia 4500008004100000020001800041082001700059100002000076245004300096250000800139260002500147300001100172500002400183650001500207942000700222952010700229952010700336952010700443952010700550952010700657999001700764230524s9999 xx 000 0 und d a9788120327290 a621.382bPRA aRajendra Prasad 0aFundamentals of Electrical Engineering a1ST aNEW DELHIbPHIc2005 aIX;827 aQuantity Number: 5 aElectrical cBK 00104070aTATCLbTATCLcGENd2023-05-24l0o621.382 PRAp16290r2023-05-24w2023-05-24yBKzBCSE3303 00104070aTATCLbTATCLcGENd2023-05-24l0o621.382 PRAp33314r2023-05-24w2023-05-24yBKzBCSE3303 00104070aTATCLbTATCLcGENd2023-05-24l0o621.382 PRAp33315r2023-05-24w2023-05-24yBKzBCSE3303 00104070aTATCLbTATCLcGENd2023-05-24l0o621.382 PRAp33316r2023-05-24w2023-05-24yBKzBCSE3303 00104070aTATCLbTATCLcGENd2023-05-24l0o621.382 PRAp33317r2023-05-24w2023-05-24yBKzBCSE3303 c36842d36842